00658nam a2200217 a 4500001000400000003001000004005001700014008004100031020001800072040002500090080001700115100004100132245008900173260003800262300002000300504002500320650001800345650002500363650002900388650002300417667BR-CuiBMT20231113210440.0230824s2022 mgb 000 0 por d a9786555182965 aBR-CuiBMTcBR-CuiBMT a340.12220071 aGuimarães, Eduardo Medina, d1967-12aA moral do dano /cEduardo Medina Guimarães ; prefácio, Fábio Medina Osório. aBelo Horizonte :bFórum,c2022. a137 p. ;c22 cm aInclui bibliografia. aDireito civil aFilosofia do direito aTeoria geral do processo aDireito processual